| 000 | 01497 a2200205 4500 | ||
|---|---|---|---|
| 001 | 48081 | ||
| 005 | 20260407155746.0 | ||
| 008 | 260407a1976 arg spa d | ||
| 003 | AR-UNSa-BCEJYS | ||
| 040 |
_aAR-UNSa-BCEJYS _bspa _cAR-UNSa-BCEJYS |
||
| 080 |
_a330.101.542 _xMicroeconomía |
||
| 245 | 1 | 0 | _aConceptos matemáticos útiles en economía |
| 250 | _a3a. ed. | ||
| 264 | 1 |
_aBuenos Aires : _bEl Coloquio _c1976 |
|
| 300 |
_a380 p. _c21 cm. |
||
| 505 | _aParte I: Introducción: 1. Conjuntos y funciones - 2. Derivada ordinaria, derivada logarítmica y elasticidad - 3. Derivadas parciales - 4. Diferenciales - 5. Funciones homogéneas y teorema de Euler - - Parte II: Máximos y mínimos: 1. Primer caso: funciones de una variable - 2. Segundo caso: funciones de dos variables - 3. Tercer caso: funciones de dos variables y una restricción - 4. Síntesis - 5. Relación entre el valor marginal y el valor medio de una función - 6. Un criterio útil en estática comparativa - 7. Conjuntos convexos - 8. Cuarto caso: función lineal y restricciones lineales (Programación lineal) - 9. Ejercicios - - Parte III: Aplicaciones: 1. El problema del monopolio: nivel óptimo de producción - 2. Discriminación de Precios - 3. Maximización del beneficio para un nivel de ventas - 4. Análisis de la empresa: el enfoque de la programación lineal - 5. Ejercicio de aplicación económica. | ||
| 942 | _cBK | ||
| 590 | _aniveau_biblio:m niveau_hierar:0 | ||
| 100 | 1 | _aFernandez Pol, Jorge E. | |
| 999 |
_c4528 _d4528 |
||